"Схожу с высот небесных я..." (Запись № 11379662)

Подробности
000 -МАРКЕР
контрольное поле 01967nam0a2200373 i 4500
001 - ИДЕНТИФИКАТОР ЗАПИСИ
контрольное поле RU\NLR\BIBL_A\011699186
005 - ИДЕНТИФИКАТОР ВЕРСИИ
контрольное поле 20260407061206.0
010 ## - МЕЖДУНАРОДНЫЙ СТАНДАРТНЫЙ НОМЕР КНИГИ (ISBN)
Номер (ISBN) 9785990753754
Тираж 1000
035 ## - ДРУГИЕ СИСТЕМНЫЕ НОМЕРА
Идентификатор записи (NLR Aleph) 011699186
100 ## - ДАННЫЕ ОБЩЕЙ ОБРАБОТКИ
Данные общей обработки 20180514d2017 u y0rusy50 ca
101 0# - ЯЗЫК РЕСУРСА
Язык текста, звукозаписи и т.д. русский
-- немецкий
102 ## - СТРАНА ПУБЛИКАЦИИ ИЛИ ПРОИЗВОДСТВА
Страна публикации Российская Федерация
105 ## - ПОЛЕ КОДИРОВАННЫХ ДАННЫХ: ТЕКСТОВЫЕ МАТЕРИАЛЫ, МОНОГРАФИЧЕСКИЕ
Кодированные данные о монографическом текстовом документе y z 000 y
200 1# - ЗАГЛАВИЕ И СВЕДЕНИЯ ОБ ОТВЕТСТВЕННОСТИ
Основное заглавие "Схожу с высот небесных я..."
Параллельное заглавие Von Himmel hoch, da komm'ich her...
Сведения, относящиеся к заглавию [художественный альбом]
-- к 500-летию Реформации
Первые сведения об ответственности Международный союз немецкой культуры
Последующие сведения об ответственности [вступительное слово: Дитрих Брауэр и др.
-- автор текстов: Ольга Лиценбергер]
Язык параллельного заглавия немецкий
210 ## - ПУБЛИКАЦИЯ, РАСПРОСТРАНЕНИЕ И ДР.
Место издания, распространения и т.д. Москва
Имя издателя, распространителя и т. д. РусДойч Медиа
Дата издания, распространения и т.д. 2017
215 ## - ФИЗИЧЕСКАЯ ХАРАКТЕРИСТИКА
Специфическое обозначение материала и объем 119 с.
Другие сведения о физической характеристике ил., цв. ил., портр.
Размеры 30
300 ## - ОБЩИЕ ПРИМЕЧАНИЯ
Текст примечания Текст парал. рус., нем.
510 1# - ПАРАЛЛЕЛЬНОЕ ЗАГЛАВИЕ
Параллельное заглавие Vom Himmel hoch, da komm' ich her...
Язык заглавия немецкий
606 1# - НАИМЕНОВАНИЕ ТЕМЫ КАК ПРЕДМЕТ
Наименование темы Живопись русская
Формальный подзаголовок Альбомы
Тематический подзаголовок Тематика
Хронологический подзаголовок 20 - 21 вв.
Системный номер авторитетной/нормативной записи 2368363
Идентификатор авторитетной/нормативной записи RU\NLR\AUTH\6601635704
606 1# - НАИМЕНОВАНИЕ ТЕМЫ КАК ПРЕДМЕТ
Наименование темы Живопись русская советская
Формальный подзаголовок Альбомы
Тематический подзаголовок Тематика
Системный номер авторитетной/нормативной записи 1069559
Идентификатор авторитетной/нормативной записи RU\NLR\AUTH\66416304
606 ## - НАИМЕНОВАНИЕ ТЕМЫ КАК ПРЕДМЕТ
Наименование темы Церковная архитектура
Формальный подзаголовок Альбомы
Географический подзаголовок Россия
Системный номер авторитетной/нормативной записи 944409
Идентификатор авторитетной/нормативной записи RU\NLR\AUTH\6631343
606 ## - НАИМЕНОВАНИЕ ТЕМЫ КАК ПРЕДМЕТ
Наименование темы Церкви и соборы лютеранские
Формальный подзаголовок Альбомы
Географический подзаголовок Россия
Системный номер авторитетной/нормативной записи 2369171
Идентификатор авторитетной/нормативной записи RU\NLR\AUTH\6601636068
686 1# - ИНДЕКСЫ ДРУГИХ КЛАССИФИКАЦИЙ
Индекс Щ143(2Р=Рус)7-3я61
686 1# - ИНДЕКСЫ ДРУГИХ КЛАССИФИКАЦИЙ
Индекс Щ113(2Р=Рус)-47я61
686 2# - ИНДЕКСЫ ДРУГИХ КЛАССИФИКАЦИЙ
Индекс Э376.11-39(2)-655я61
712 02 - НАИМЕНОВАНИЕ ОРГАНИЗАЦИИ - ВТОРИЧНАЯ ОТВЕТСТВЕННОСТЬ
Код отношения Прочие
Начальный элемент ввода Международный союз немецкой культуры
Системный номер авторитетной/нормативной записи 554851
Идентификатор авторитетной/нормативной записи RU\NLR\AUTH\8810028168
942 ## - ДОПОЛНИТЕЛЬНЫЕ ЭЛЕМЕНТЫ ЗАПИСИ (АБИС)
Тип экземпляра АБИС Книга
980 ## - КОЛЛЕКЦИЯ
Название коллекции НБР

Нет доступных экземпляров.